Sidoine Apollinaire

Saved in:
Bibliografiske detaljer
Format: Bog
Sprog:fransk
latin
Udgivet: París Les Belles Lettres 1960
Serier:Collection des Universités de France
Fag:
Tags: Tilføj Tag
Ingen Tags, Vær først til at tagge denne postø!

MARC

LEADER 00000nam a2200000 a 4500
001 UCO5842
003 CL-VaPUC
008 000915e19600000FR |||||||||||||||||fre|d
041 0 7 |a fre  |2 CL-VaPUC 
041 0 7 |a lat  |2 CL-VaPUC 
082 0 4 |a 878  |b SID  |2 21 
245 1 0 |a Sidoine Apollinaire 
300 |a v 
942 |c BK 
945 |d 20000915 00:00:00  |a crobeson 
260 |a París  |b Les Belles Lettres  |c 1960 
500 |a v.1: Poèmes 
500 |a v.2: Lettres, livres I-V 
500 |a v.3:. Lettres, livres VI-IX 
600 0 7 |a SIDONIO, APOLINAR  |2 CL-VaPUC  |9 450644 
650 7 |a POEMAS LATINOS  |2 CL-VaPUC  |9 450645 
650 7 |a CORRESPONDENCIAS LATINAS  |2 CL-VaPUC  |9 413076 
650 0 |a Literatura latina   |9 258055 
583 |a last modification  |c 20000915 00:00:00  |k Rodrigo Vera 
490 0 |a Collection des Universités de France 
999 |c 291672  |d 291670 
952 |0 0  |1 0  |4 0  |6 878_000000000000000_SID_1960  |7 0  |8 X  |9 341732  |a BIBART  |b BIBART  |d 2019-11-20  |h v.1  |i 1223836  |o 878 SID 1960  |p 1223836  |r 2025-03-13  |w 2019-11-20  |y BK_X  |k ART 
952 |0 0  |1 0  |4 0  |6 878_000000000000000_SID_1960  |7 0  |8 X  |9 341733  |a BIBART  |b BIBART  |d 2019-11-20  |h v.2  |i 1223844  |o 878 SID 1960  |p 1223844  |r 2025-03-13  |w 2019-11-20  |y BK_X  |k ART 
952 |0 0  |1 0  |4 0  |6 878_000000000000000_SID_1960  |7 0  |8 X  |9 341734  |a BIBART  |b BIBART  |d 2019-11-20  |h v.3  |i 1223852  |o 878 SID 1960  |p 1223852  |r 2025-03-13  |w 2019-11-20  |y BK_X  |k ART 
952 |0 0  |1 0  |4 0  |6 878_000000000000000_SID_1960  |7 0  |8 DER_ROM  |9 341735  |a BIBDER  |b BIBDER  |d 2019-11-20  |h v.1  |i 3865053  |o 878 SID 1960  |p 3865053  |r 2023-01-25  |w 2019-11-20  |x Ubicación 4to piso  |y BK  |z Este recurso debe solicitarse con anticipación  |k DER 
952 |0 0  |1 0  |4 0  |6 878_000000000000000_SID_1960  |7 0  |8 DER_ROM  |9 341736  |a BIBDER  |b BIBDER  |d 2019-11-20  |h v.1  |i 386507K  |o 878 SID 1960  |p 386507K  |r 2023-01-25  |w 2019-11-20  |x Ubicación 4to piso  |y BK  |z Este recurso debe solicitarse con anticipación  |k DER 
952 |0 0  |1 0  |4 0  |6 878_000000000000000_SID_1960  |7 0  |8 DER_ROM  |9 341737  |a BIBDER  |b BIBDER  |d 2019-11-20  |h v.1  |i 3865061  |o 878 SID 1960  |p 3865061  |r 2023-01-25  |w 2019-11-20  |x Ubicación 4to piso  |y BK  |z Este recurso debe solicitarse con anticipación  |k DER